000 00690cam a22002413a 4500
001 13933
003 PGUSA
005 20140828083311.0
008 041103s2004||||xxu|||||s|||||000 1 eng d
040 _aPGUSA
_beng
042 _adc
050 4 _aPS
100 1 _aMarshall, Edward,
_d1870-1933
245 1 0 _aIn Old Kentucky
_h[electronic resource] /
_cEdward Marshall
260 _bProject Gutenberg,
_c2004
506 _aPublic domain in the USA.
516 _aElectronic text
653 _aKentucky -- Fiction
700 1 _aRowe, Clarence H.
_q(Clarence Herbert),
_d1878-1930
830 0 _aProject Gutenberg
_v13933
856 4 0 _uhttp://www.gutenberg.org/ebooks/13933
942 _cEB
999 _c243188
_d243188